000 00793nam a2200289Ia 4500
005 20260324133931.0
008 008 260324s9999 xx 000 0 eng d
020 _a9781410608253
037 _aEBOOK
040 _aCRL
040 _beng
040 _cCRL
041 _2eng
041 _aeng
084 _qCRL
100 _aRobert J. Kauffman; Bruce W. Weber
_91194936
245 0 _aAdvances on information Technologies in the Financial Services industry
245 2 _bA Special Issue of the journal of Organizational Computing and Electronic Commerce
260 _bTaylor and Francis
260 _c2002
365 _a
365 _b110
856 _uhttp://www.taylorfrancis.com/books/9781410608253
942 _cEBOOK
999 _c1794508
_d1794508